[Event "Chigorin Memorial 29th"]
[Site "St Petersburg"]
[Date "2022.10.30"]
[Round "9"]
[White "Kuznetsov, Daniil Al"]
[Black "Zaichikov, Andrey"]
[Result "0-1"]
[WhiteElo "1456"]
[BlackElo "2113"]
[PlyCount "142"]
[EventDate "2022.10.22"]
[EventType "swiss"]
[EventRounds "9"]
[EventCountry "RUS"]
[SourceTitle "EXT 2024"]
[Source "ChessBase"]
[SourceDate "2023.10.10"]
[SourceVersion "1"]
[SourceVersionDate "2023.10.10"]
[SourceQuality "1"]

1. d4 e6 2. e3 d5 3. Bd3 f5 4. Nf3 Nf6 5. 0-0 Bd6 6. c4 c6 7. Nc3 0-0 8. b3 Qe7 9. Bb2 Ne4 10. Ne5 Nd7 11. f4 Ndf6 12. Nxe4 Nxe4 13. Bxe4 fxe4 14. c5 Bxe5 15. fxe5 Rxf1+ 16. Qxf1 b6 17. a4 Qg5 18. Qe2 bxc5 19. Ba3 cxd4 20. Rf1 h6 21. exd4 a5 22. Rf8+ Kh7 23. Qe1 Qh5 24. Bd6 Bb7 25. Rxa8 Bxa8 26. Bc5 Bb7 27. Qe3 Ba6 28. Bb6 Qd1+ 29. Kf2 Qc2+ 30. Kg1 Bd3 31. Bxa5 Qxb3 32. Bc7 Qxa4 33. Bd6 Qd1+ 34. Kf2 Qf1+ 35. Kg3 Qf5 36. Qf4 g5 37. Qxf5+ exf5 38. Kf2 f4 39. g3 e3+ 40. Kf3 Be4+ 41. Ke2 Bg6 42. g4 Kg7 43. Bc5 Be4 44. Ba3 Bg2 45. Bd6 Bh3 46. Kf3 Kf7 47. Bc5 Kg7 48. Be7 Kf7 49. Bc5 Bf1 50. Ba3 Ke6 51. h4 gxh4 52. Kxf4 h3 53. Kg3 e2 54. Bb4 c5 55. dxc5 Kxe5 56. c6 Ke6 57. Kh2 d4 58. Kg3 d3 59. c7 Kd7 60. Ba5 d2 61. Bxd2 Kxc7 62. Kf2 Kc6 63. Bf4 Kd5 64. Bh2 Ke4 65. Bb8 Kd3 66. Ke1 Ke3 67. Be5 Kf3 68. Bh2 Kg2 69. Bd6 h2 70. Bxh2 Kxh2 71. g5 hxg5 0-1

[Event "Chigorin Memorial 29th"]
[Site "St Petersburg"]
[Date "2022.10.28"]
[Round "7"]
[White "Lipovoy, Danila"]
[Black "Kuznetsov, Daniil Al"]
[Result "1-0"]
[WhiteElo "2044"]
[BlackElo "1456"]
[PlyCount "83"]
[EventDate "2022.10.22"]
[EventType "swiss"]
[EventRounds "9"]
[EventCountry "RUS"]
[SourceTitle "EXT 2024"]
[Source "ChessBase"]
[SourceDate "2023.10.10"]
[SourceVersion "1"]
[SourceVersionDate "2023.10.10"]
[SourceQuality "1"]

1. c4 e6 2. Nc3 Nf6 3. e4 d6 4. d4 Be7 5. Be3 0-0 6. Bd3 Nbd7 7. h3 e5 8. Nge2 Re8 9. d5 h6 10. g4 Nh7 11. Ng3 Ndf8 12. Nf5 Bxf5 13. gxf5 Bg5 14. Qd2 Bxe3 15. Qxe3 Qg5 16. Qxg5 Nxg5 17. Ke2 g6 18. Rag1 a6 19. Rg3 Kg7 20. Nd1 b5 21. cxb5 axb5 22. h4 Ngh7 23. Bxb5 Reb8 24. a4 Nf6 25. Nc3 Nh5 26. Rgg1 Kf6 27. fxg6 Nxg6 28. Ke3 Ngf4 29. b4 Ke7 30. f3 Rg8 31. Bc6 Rab8 32. Rxg8 Rxg8 33. Rh2 Ng3 34. Bb5 f5 35. a5 fxe4 36. fxe4 Kd8 37. a6 c6 38. a7 Kc7 39. Ra2 cxd5 40. exd5 Nf5+ 41. Ke4 Ng3+ 42. Kf3 1-0

[Event "Chigorin Memorial 29th"]
[Site "St Petersburg"]
[Date "2022.10.22"]
[Round "1"]
[White "Romanov, Nikita M"]
[Black "Kuznetsov, Daniil Al"]
[Result "1-0"]
[WhiteElo "2049"]
[BlackElo "1456"]
[PlyCount "79"]
[EventDate "2022.10.22"]
[EventType "swiss"]
[EventRounds "9"]
[EventCountry "RUS"]
[SourceTitle "EXT 2024"]
[Source "ChessBase"]
[SourceDate "2023.10.10"]
[SourceVersion "1"]
[SourceVersionDate "2023.10.10"]
[SourceQuality "1"]

1. d4 Nf6 2. Nf3 g6 3. Nbd2 d5 4. e3 Bg4 5. h3 Bxf3 6. Nxf3 Bg7 7. c4 dxc4 8. Bxc4 e6 9. 0-0 0-0 10. Re1 Nc6 11. e4 Nd7 12. Be3 e5 13. d5 Ne7 14. d6 cxd6 15. Qxd6 Nb6 16. Qxd8 Raxd8 17. Bb3 h6 18. a4 Nc6 19. a5 Nc8 20. Bc5 Rfe8 21. Ba4 Re6 22. Red1 Nd4 23. Bb3 Ree8 24. Ba4 Re6 25. Bb3 Ree8 26. Nxd4 exd4 27. Bd5 Nd6 28. f3 Kh7 29. Bxd4 Bxd4+ 30. Rxd4 f5 31. Rad1 Kg7 32. Bb3 Nf7 33. Rd7 Rxd7 34. Rxd7 Rf8 35. e5 b6 36. axb6 axb6 37. Bxf7 Rxf7 38. e6 Rxd7 39. exd7 Kf7 40. d8Q 1-0